Statistics for NFL all-time all-purpose yardage leaders

Click here to take the quiz!

General Stats

  • This quiz has been taken 780 times
    (322 since last reset)
  • The average score is 20 of 33

Answer Stats

Primary Team or Teams Pos. Answer Total Yards % Correct
49ers-RaidersWRJerry Rice23,546
99%
Cowboys-CardinalsRBEmmitt Smith21,583
94%
Panthers-RavensWRSteve Smith19,180
94%
LionsRBBarry Sanders18,308
90%
BearsRBWalter Payton21,803
89%
BrownsRBJim Brown15,459
87%
Chargers-JetsRBLaDainian Tomlinson18,456
87%
RaidersWRTim Brown19,682
87%
Colts-RamsRBMarshall Faulk19,190
82%
Vikings-Raiders PatriotsWRRandy Moss15,646
80%
Chiefs-FalconsTETony Gonzalez15,141
76%
Rams-SteelersRBJerome Bettis15,113
72%
49ers-Eagles CowboysWRTerrell Owens16,263
71%
49ers-ColtsRBFrank Gore16,507
68%
Patriots-JetsRBCurtis Martin17,430
68%
GiantsRBTiki Barber17,359
67%
Raiders-ChiefsRBMarcus Allen17,654
65%
Chargers-Saints-EaglesRBDarren Sproles19,011
63%
BillsRBThurman Thomas16,532
62%
Rams-FalconsRBSteven Jackson15,191
61%
Colts-CardinalsRBEdgerrin James15,610
59%
Rams-49ersWRIsaac Bruce15,399
59%
Rams-ColtsRBEric Dickerson15,411
57%
CowboysRBTony Dorsett16,293
54%
Cowboys-Vikings EaglesRBHerschel Walker18,168
53%
Dolphins-Patriots-BroncosWRWes Welker16,797
50%
Buccaneers FalconsRBWarrick Dunn15,664
38%
Titans-RavensWRDerrick Mason17,150
24%
Redskins-EaglesRBBrian Mitchell23,330
16%
Rams-RedskinsWRHenry Ellard15,718
13%
Browns-Falcons ChargersRB/WREric Metcalf17,230
11%
Patriots-Dolphins EaglesWRIrving Fryar15,587
10%
BrownsWRJosh Cribbs15,453
7%

Score Distribution

Percentile by Number Answered

Percent of People with Each Score

Your Score History

You have not taken this quiz since the last reset